书目信息 |
| 题名: |
石鼓书院
|
|
| 作者: | 郭建衡 , 郭幸君 著 | |
| 分册: | ||
| 出版信息: | 长沙 湖南人民出版社 2014.12 |
|
| 页数: | 245页 | |
| 开本: | 23cm | |
| 丛书名: | ||
| 单 册: | ||
| 中图分类: | G649.299.643 | |
| 科图分类: | ||
| 主题词: | 书院--Shu Yuan--介绍--衡阳 , 介绍--Jie Shao , 衡阳--Heng Yang | |
| 电子资源: | ||
| ISBN: | 978-7-5561-0314-0 | |
| 000 | 00985nam0 22002651 450 | |
| 001 | 350781 | |
| 005 | 20161012082324.59 | |
| 010 | @a978-7-5561-0314-0@dCNY29.00 | |
| 100 | @a20151125e20152014em y0chiy0110 ea | |
| 101 | 0 | @achi |
| 102 | @aCN@b430000 | |
| 105 | @aab z 000yy | |
| 106 | @ar | |
| 200 | 1 | @a石鼓书院@AShi Gu Shu Yuan@f郭建衡,郭幸君著 |
| 210 | @a长沙@c湖南人民出版社@d2014.12@h2015重印 | |
| 215 | @a245页@c图,照片,地图@d23cm | |
| 330 | @a本书阐述衡阳石鼓书院。全书共4编,第一编为“石鼓胜迹”。第二编“书院春秋”,阐述石鼓书院的历史地位及影响。第三编“历代碑刻文献选录”和第四编“书院楹联一览”,刊录历代与石鼓书院有关的文献史料及所能收集到的石鼓书院楹联。 | |
| 606 | 0 | @a书院@AShu Yuan@x介绍@y衡阳 |
| 606 | 0 | @a介绍@AJie Shao |
| 606 | 0 | @a衡阳@AHeng Yang |
| 690 | @aG649.299.643@v5 | |
| 701 | 0 | @a郭建衡@AGuo Jian Heng@f(1948.12-)@4著 |
| 701 | 0 | @a郭幸君@AGuo Xing Jun@f(1970.1-)@4著 |
| 801 | 0 | @aCN@bTANGWEI@c20160808 |
| 905 | @b0891750-4@dG649.299.643@e807@f5 | |
| 石鼓书院/郭建衡,郭幸君著.-长沙:湖南人民出版社,2014.12(2015重印) |
| 245页:图,照片,地图;23cm |
| ISBN 978-7-5561-0314-0:CNY29.00 |
| 本书阐述衡阳石鼓书院。全书共4编,第一编为“石鼓胜迹”。第二编“书院春秋”,阐述石鼓书院的历史地位及影响。第三编“历代碑刻文献选录”和第四编“书院楹联一览”,刊录历代与石鼓书院有关的文献史料及所能收集到的石鼓书院楹联。 |
| ● |
| 相关链接 |
|
|
|
|
正题名:石鼓书院
索取号:G649.299.643/807
 
预约/预借
| 序号 | 登录号 | 条形码 | 馆藏地/架位号 | 状态 | 备注 |
| 1 | 0891750 | 208917500 | 第一样本阅览室/ [索取号:G649.299.643/807] | 在馆 | |
| 2 | 0891751 | 208917519 | 第四借阅区/ [索取号:G649.299.643/807] | 在馆 | |
| 3 | 0891752 | 208917528 | 第四借阅区/ [索取号:G649.299.643/807] | 在馆 | |
| 4 | 0891753 | 208917537 | 第四借阅区/ [索取号:G649.299.643/807] | 在馆 | |
| 5 | 0891754 | 208917546 | 第四借阅区/ [索取号:G649.299.643/807] | 在馆 |